| 000 | 00675nam a2200241Ia 4500 | ||
|---|---|---|---|
| 008 | 160404s9999 xx 000 0 und d | ||
| 020 | _a971-725-064-2 | ||
| 050 | _aFIL T 56.8 | ||
| 050 | _b.C67 2001 c.3 | ||
| 100 | _aCortez, George. | ||
| 245 | _aManagement operations : | ||
| 245 | _bquantitative technique / | ||
| 245 | _cGeorge Excape Cortez. | ||
| 260 | _aMakati City: | ||
| 260 | _bGrandwater Pub., | ||
| 260 | _c2001 | ||
| 300 | _a198 pages : | ||
| 300 | _billustrations ; | ||
| 300 | _c22 cm. | ||
| 650 | _aManagement -- Data processing. | ||
| 650 | _aProduction management -- Mathematical models. | ||
| 650 | _xManagement -- Mathematical models. | ||
| 999 |
_c293285 _d293285 |
||